Normal view
MARC view
- ديوان الخدمة المدنية -احصائيات -موظفون- الاردن
Entry Topical Term
001 - CONTROL NUMBER
- control field: 33627
003 - CONTROL NUMBER IDENTIFIER
- control field: JO-AjAnu
005 - DATE AND TIME OF LATEST TRANSACTION
- control field: 20230606075635.0
008 - FIXED-LENGTH DATA ELEMENTS
- fixed length control field: 230606|| aca||aabn | a|a d
040 ## - CATALOGING SOURCE
- Original cataloging agency: JO-AjAnu
- Transcribing agency: JO-AjAnu
150 ## - HEADING--TOPICAL TERM
- Topical term or geographic name entry element: ديوان الخدمة المدنية -احصائيات -موظفون- الاردن
670 ## - SOURCE DATA FOUND
- Source citation: Work cat.: (JO-AjAnu)17274: ديوان الخدمة المدنية, author 33626, دراسة واقع القوى البشرية والتنظيم الاداري في الخدمة المدنية : (المرحلة لثانية)